Dependence of Silicon and Manganese Content in the Weld Metal on the Welding Current and Method of Gas Shielding; Applied Mechanics and Materials; Vol. 756 : Mechanical Engineering, Automation and Control Systems (MEACS2014)

Bibliografiske detaljer
Parent link:Applied Mechanics and Materials: Scientific Journal
Vol. 756 : Mechanical Engineering, Automation and Control Systems (MEACS2014).— 2015.— [P. 92-96]
Hovedforfatter: Chinakhov D. A. Dmitriy Anatol'evich
Institution som forfatter: Национальный исследовательский Томский политехнический университет (ТПУ) Юргинский технологический институт (филиал) (ЮТИ) Кафедра сварочного производства (КСП)
Summary:Title screen
The influence of the welding current and method of gas shielding in MAG welding on the content of silicon and manganese is considered. Results of study of the welded specimens of steels 45 and 30HGSA when applying welding wire of different formulas and different types of gas shielding (traditional shielding and two-jet shielding) are given. It is established that in MAG welding the value of the welding current and the speed of the gas flow from the welding nozzle have a considerable impact on the chemical composition of the weld metal. The consumable electrode welding under double-jet gas shielding provides the directed gas-dynamics in the welding area and enables controlling the electrode metal transfer and the chemical composition of a weld.
Режим доступа: по договору с организацией-держателем ресурса
Sprog:engelsk
Udgivet: 2015
Serier:Mechanical Engineering, Processing and Surface Engineereng, Metals Treatment, Equipment and Tools
Fag:
Online adgang:http://dx.doi.org/10.4028/www.scientific.net/AMM.756.92
Format: MixedMaterials Electronisk Book Chapter
KOHA link:https://koha.lib.tpu.ru/cgi-bin/koha/opac-detail.pl?biblionumber=641281

MARC

LEADER 00000nla2a2200000 4500
001 641281
005 20231101134146.0
035 |a (RuTPU)RU\TPU\network\6181 
035 |a RU\TPU\network\6179 
090 |a 641281 
100 |a 20150515a2015 k y0engy50 ba 
101 0 |a eng 
105 |a y z 100zy 
135 |a drcn ---uucaa 
181 0 |a i  
182 0 |a b 
200 1 |a Dependence of Silicon and Manganese Content in the Weld Metal on the Welding Current and Method of Gas Shielding  |f D. A. Chinakhov 
203 |a Text  |c electronic 
225 1 |a Mechanical Engineering, Processing and Surface Engineereng, Metals Treatment, Equipment and Tools 
300 |a Title screen 
330 |a The influence of the welding current and method of gas shielding in MAG welding on the content of silicon and manganese is considered. Results of study of the welded specimens of steels 45 and 30HGSA when applying welding wire of different formulas and different types of gas shielding (traditional shielding and two-jet shielding) are given. It is established that in MAG welding the value of the welding current and the speed of the gas flow from the welding nozzle have a considerable impact on the chemical composition of the weld metal. The consumable electrode welding under double-jet gas shielding provides the directed gas-dynamics in the welding area and enables controlling the electrode metal transfer and the chemical composition of a weld. 
333 |a Режим доступа: по договору с организацией-держателем ресурса 
461 0 |0 (RuTPU)RU\TPU\network\5920  |t Applied Mechanics and Materials  |o Scientific Journal 
463 0 |0 (RuTPU)RU\TPU\network\6028  |t Vol. 756 : Mechanical Engineering, Automation and Control Systems (MEACS2014)  |o International Conference, 16‐18 October, 2014, Tomsk, Russia  |o [proceedings]  |f National Research Tomsk Polytechnic University (TPU)  |v [P. 92-96]  |d 2015 
610 1 |a электронный ресурс 
610 1 |a труды учёных ТПУ 
610 1 |a защитные газы 
610 1 |a химический состав 
610 1 |a сварка 
700 1 |a Chinakhov  |b D. A.  |c Specialist in the field of welding production  |c Associate Professor of Yurga Institute of Technology, TPU Affiliate  |f 1973-  |g Dmitriy Anatol'evich  |2 stltpush  |3 (RuTPU)RU\TPU\pers\31926 
712 0 2 |a Национальный исследовательский Томский политехнический университет (ТПУ)  |b Юргинский технологический институт (филиал) (ЮТИ)  |b Кафедра сварочного производства (КСП)  |h 355  |2 stltpush  |3 (RuTPU)RU\TPU\col\18891 
801 2 |a RU  |b 63413507  |c 20161229  |g RCR 
856 4 |u http://dx.doi.org/10.4028/www.scientific.net/AMM.756.92 
942 |c CF